El hombre fue primero, la soledad vino después / (Record no. 12084)

MARC details
000 -LEADER
campo de control de longitud fija 00659nam a2200229 i 4500
001 - NÚMERO DE CONTROL
campo de control 12084
003 - IDENTIFICADOR DE NÚMERO DE CONTROL
campo de control ES-MaACL
005 - FECHA Y HORA DE LA ÚLTIMA TRANSACCIÓN
campo de control 20250814063208.0
007 - CAMPO FIJO DE DESCRIPCIÓN FÍSICA--INFORMACIÓN GENERAL
campo de control de longitud fija t|
008 - DATOS DE LONGITUD FIJA--INFORMACIÓN GENERAL
campo de control de longitud fija 970407s1989 sp ||||1| spa d
020 ## - NÚMERO INTERNACIONAL ESTÁNDAR DEL LIBRO
Número Internacional Estándar del Libro 84-87241-01-8
080 ## - NÚMERO DE LA CLASIFICACIÓN DECIMAL UNIVERSAL
Número de la Clasificación Decimal Universal 860-14"19"
100 1# - ENTRADA PRINCIPAL--NOMBRE DE PERSONA
Nombre de persona Sevylla de Juana, Pedro,
Fechas asociadas al nombre 1946-
9 (RLIN) 105937
245 13 - MENCIÓN DEL TÍTULO
Título El hombre fue primero, la soledad vino después /
Mención de responsabilidad, etc. P. Sevilla de Juana.
250 ## - MENCION DE EDICION
Mención de edición 2ª ed.
260 ## - PUBLICACIÓN, DISTRIBUCIÓN, ETC.
Lugar de publicación, distribución, etc. Madrid :
Nombre del editor, distribuidor, etc. Valdepero,
Fecha de publicación, distribución, etc. D.L. 1989.
300 ## - DESCRIPCIÓN FÍSICA
Extensión 110 p. ;
Dimensiones 20 cm.
490 1# - MENCIÓN DE SERIE
Mención de serie Yunque de papel
830 0# - PUNTO DE ACCESO ADICIONAL DE SERIE-TÍTULO UNIFORME
Título uniforme Yunque de papel
9 (RLIN) 179253
852 ## - LOCALIZACIÓN
Ubicación ES-MaACL
Número de control de estantería L-19386
Sublocalización o colección R.117847
Holdings
Estatus retirado Estado de pérdida Estado de daño No para préstamo Biblioteca de origen Biblioteca actual Ubicación en estantería Fecha de adquisición Fuente de adquisición Total de préstamos Signatura topográfica completa Código de barras Visto por última vez Precio de reemplazo Tipo de ítem Koha
        Biblioteca del Ateneo de Madrid Biblioteca del Ateneo de Madrid Depósito 2 17/01/2008     L-19386 1012313 23/02/2023 23/02/2023 Libro impreso